Rutes de patrimoni arquitectònic : Xarxa de Parcs Naturals de la Diputació de Barcelona / textos: Cecília Lorenzo, Isaac Fernández Xarxa de Parcs Naturals de la Diputació de Barcelona / textos:
Publicado:
Barcelona :
Diputació de Barcelona. Àrea d'Espais Nautrals. Xarxa de Parcs Naturals ,
2009
Descripción Física:
128 p. : il. col., map. ; 22 cm
Otros Autores:
Fernández Sanvisens, Isaac, 1975-
MARC
| LEADER | 00000nam a2200000Ia 4500 | ||
|---|---|---|---|
| 001 | 22208 | ||
| 008 | 160829s2009 xx 000 0 cat d | ||
| 710 | 1 | |a Barcelona (Catalunya : Província). |b Xarxa de Parcs Naturals |9 7250 | |
| 952 | |0 0 |1 0 |4 0 |6 C3253 |7 1 |9 44866 |a Arxiu |b Arxiu |d 2016-12-01 |l 0 |o C-3-253 |p 22208 |r 2016-12-01 00:00:00 |w 2016-12-01 |y ARXIU | ||
| 952 | |0 0 |1 0 |2 udc |4 0 |5 0 |6 E00049 |7 0 |8 Digital |9 58281 |a TURISME |b TURISME |d 2017-06-04 |l 0 |o E.00049 |p TURISME17060140 |r 2017-06-04 00:00:00 |u http://bibliotecageneral.diba.cat/cgi-bin/koha/opac-retrieve-file.pl?id=521bca0e01a8f5b0bb74b0ccb0ac48a8 |w 2017-06-04 |y DE | ||
| 999 | |c 47464 |d 47464 | ||
| 080 | |a C-3-253 | ||
| 100 | |a Lorenzo, Cecília |9 43410 | ||
| 245 | |a Rutes de patrimoni arquitectònic : |b Xarxa de Parcs Naturals de la Diputació de Barcelona / textos: |b Cecília Lorenzo, Isaac Fernández | ||
| 260 | |a Barcelona : |b Diputació de Barcelona. Àrea d'Espais Nautrals. Xarxa de Parcs Naturals, |c 2009 | ||
| 300 | |a 128 p. : |b il. col., map. ; |c 22 cm | ||
| 650 | |a Monuments |x Barcelona (Província) |x Guies |9 28559 | ||
| 650 | |a Edificis històrics |x Barcelona (Província) |x Guies |9 28560 | ||
| 700 | 1 | |a Fernández Sanvisens, Isaac, |d 1975- |9 53774 | |
| 901 | |a Arxiu | ||
| 942 | |n 1 |2 udc | ||
| 651 | 0 | |a Barcelona (Catalunya : Província) |9 50918 | |
| 651 | 0 | |a Barcelona (Catalunya : Província) |v Guies |9 52676 | |